000
00309 a2200157 4500
001
181057
020
_a
040
_c
Magnum
100
_a
Quadros, Janio
240
1
0
_a
15 Contos
_l
por
245
1
0
_a
15 Contos
362
0
_a
1899
440
1
_a
Nova Fronteira
697
_a
MAGNITO: A/CONTO
942
_c
BK
999
_c
181057
_d
181057